000 00426nam a2200169Ia 4500
008 180921t2017 xxu||||| |||| 00| 0 sin d
041 _asin
080 _a791.43
_bSEN
100 _aSenanayake, Somaweera
245 _aපළිගු මැණිකේ
246 _aPaligu Manike
260 _bSarasavi
_aNugegoda
_c2017
300 _b420p, 21cm
942 _cBK
999 _c5028
_d5028
003 LK-CoDNM
040 _aLK-CoDNM
_dLK-CoDNM
_eLK-CoDNM